|
|
|
|
| LEADER |
00918nam a2200217 a 4500 |
| 001 |
752301 |
| 008 |
091205s1965 cau b 000 0 eng d |
| 010 |
|
|
|a 65024515
|
| 040 |
|
|
|a DLC
|c Wa
|d DLC
|
| 082 |
0 |
0 |
|a 333
|2 17
|
| 100 |
1 |
|
|a Tuma, Elias H.
|
| 245 |
1 |
0 |
|a Twenty-six centuries of agrarian reform;
|b a comparative analysis,
|c by Elias H. Tuma.
|
| 260 |
|
|
|a Berkeley,
|b University of California Press,
|c 1965.
|
| 300 |
|
|
|a xi, 309 p.
|c 25 cm.
|
| 504 |
|
|
|a Bibliography: p. 287-297.
|
| 541 |
1 |
|
|e 00001487
|
| 650 |
|
0 |
|a Land tenure
|x History.
|
| 852 |
4 |
|
|a Ayesha Abed Library
|j General Shelf.
|
| 999 |
|
|
|c 5994
|d 5994
|
| 952 |
|
|
|0 0
|1 0
|2 ddc
|4 0
|6 333_TUM_196500000000000
|7 0
|9 5980
|a BRACUL
|b BRACUL
|c GEN
|d 2009-12-07
|g 1400.00
|l 0
|o 333 TUM
|p 3010001487
|r 2009-12-07
|t 1
|w 2009-12-07
|y BK
|
| 952 |
|
|
|0 0
|1 0
|2 ddc
|4 0
|6 333_TUM_196500000000000
|7 0
|9 9548
|a BRACUL
|b BRACUL
|c GEN
|d 2010-04-28
|g 764.00
|l 0
|o 333 TUM
|p 3010000044
|r 2016-08-30
|t 2
|w 2010-04-28
|y BK
|